000 01020nam a2200265Ia 4500
003 OSt
005 20221005105753.0
006 a|||||r|||| 00| 0
007 ta
008 221004b |||||||| |||| 00| 0 hin d
020 _a9788173095634 (hbk)
_c350
024 _a13915
037 _b1138, 20/03/2014, Anamika Publishers & Distributors Pvt. Ltd.
_cTextual
040 _aCRL
_cCRL
_bhin
041 _2hin
_ahin
082 _aY:1.2, 152Q1
100 _aभगवान सिंह
245 0 _aभारतीय परंपरा की खोज
246 _aBhāratīya paranparā kī khoja
260 _aनई दिल्ली
_bसस्ता साहित्य मण्डल प्रकाशन भारत
_c2011
300 _a298पृ0
_ccm.
650 _aभारतीय-लोक साहित्य
942 _hY:1.2, 152Q1
_cTEXL
_2cc
999 _c1016858
_d1016858